| 000 | 01005nam a2200301Ia 4500 | ||
|---|---|---|---|
| 003 | OSt | ||
| 005 | 20221006155811.0 | ||
| 006 | a|||||r|||| 00| 0 | ||
| 007 | ta | ||
| 008 | 221006b |||||||| |||| 00| 0 eng d | ||
| 020 |
_a9781461461500 _c€ 99.95 (Euro) |
||
| 024 | _a43,530 | ||
| 037 |
_b168/2012-13, 15/03/2013, Pioneer Book Distributor _cTextual |
||
| 040 |
_aEASL _cEASL _beng |
||
| 041 |
_2eng _aeng |
||
| 082 | _aU2894:8.42, Q3 | ||
| 100 |
_aSuzuki Itoko _9670439 |
||
| 245 | 0 |
_aJapan's disaster governance _b How was the 3.11 crisis managed? |
|
| 260 |
_aNew York _bSpringer UK _c2013 |
||
| 300 |
_a121p. _ccm. |
||
| 490 | _aPublic administration, governance and globalization | ||
| 650 | _a JEL | ||
| 650 |
_a NPS disasters - Fukushima _9670440 |
||
| 650 |
_aTsunami _9237054 |
||
| 700 |
_a Kaneko Yuko _9670441 |
||
| 942 |
_hU2894:8.42, Q3 _cTEXL _2CC |
||
| 999 |
_c1111616 _d1111616 |
||